The reader / (Record no. 3932)

MARC details
000 -LEADER
fixed length control field 01362nam a22002537a 4500
001 - CONTROL NUMBER
control field 3932
003 - CONTROL NUMBER IDENTIFIER
control field FISKH
005 - DATE AND TIME OF LATEST TRANSACTION
control field 20240524133432.0
008 - FIXED-LENGTH DATA ELEMENTS--GENERAL INFORMATION
fixed length control field 240524b cb ||||| |||| 00| 0 eng d
040 ## - CATALOGING SOURCE
Original cataloging agency FISK
Language of cataloging eng
Transcribing agency FISK
Modifying agency FISK
050 ## - LIBRARY OF CONGRESS CALL NUMBER
Classification number PT2680.L54
082 ## - DEWEY DECIMAL CLASSIFICATION NUMBER
Classification number 833.914
100 ## - MAIN ENTRY--PERSONAL NAME
Personal name Schlink Bernhard
Dates associated with a name 1944-
245 ## - TITLE STATEMENT
Title The reader /
Statement of responsibility, etc. Bernhard Schlink
260 ## - PUBLICATION, DISTRIBUTION, ETC.
Place of publication, distribution, etc. New York :
Name of publisher, distributor, etc. Vintage Books ,
Date of publication, distribution, etc. 1998
300 ## - PHYSICAL DESCRIPTION
Extent 218 pages :
Dimensions 21 cm
505 ## - FORMATTED CONTENTS NOTE
Formatted contents note M<br/>
520 ## - SUMMARY, ETC.
Summary, etc. Classic Literature. Fiction. Literature. Historical Fiction. HTML:Hailed for its coiled eroticism and the moral claims it makes upon the reader, this mesmerizing novel is a story of love and secrets, horror and compassion, unfolding against the haunted landscape of postwar Germany.<br/>When he falls ill on his way home from school, fifteen-year-old Michael Berg is rescued by Hanna, a woman twice his age. In time she becomes his lover�??then she inexplicably disappears. When Michael next sees her, he is a young law student, and she is on trial for a hideous crime. As he watches her refuse to defend her innocence, Michael gradually realizes that Hanna may be guarding a secret she considers more shameful than murd.<br/>
521 8# - TARGET AUDIENCE NOTE
Target audience note 710<br/>
Source Lexile estimate<br/>
521 8# - TARGET AUDIENCE NOTE
Target audience note M<br/>
Source Raz-Lexile<br/>
700 ## - ADDED ENTRY--PERSONAL NAME
Personal name Bernhard Schlink
942 ## - ADDED ENTRY ELEMENTS (KOHA)
Source of classification or shelving scheme Dewey Decimal Classification
Koha item type Books
Suppress in OPAC No
Holdings
Withdrawn status Lost status Source of classification or shelving scheme Damaged status Not for loan Collection Home library Current library Shelving location Date acquired Total Checkouts Full call number Barcode Date last seen Copy number Price effective from Koha item type
    Dewey Decimal Classification     Fiction Footprints International School Library Network Toul Kork Campus Footprints International School Library Network Toul Kork Campus   05/24/2024   SCH PT2680.L54 833.914 2024-0695 05/24/2024 1 05/24/2024 Books